MARC

LEADER 00000nam0a2200000 4500
001 236872
005 20231101231514.0
010 |a 5020007935 
020 |a RU  |b 90-34084 
035 |a (RuTPU)RU\TPU\book\258041 
090 |a 236872 
100 |a 19950417d1990 k y0rusy5003 ca 
101 0 |a rus 
102 |a RU 
105 |a a z 001zy 
200 1 |a Реологическое поведение концентрированных неньютоновских суспензий  |f В. В. Мошев, В. А. Иванов  |g Академия наук СССР (АН СССР), Уральское отделение (УО), Институт механики сплошных сред ; отв. ред. Б. А. Розенберг 
210 |a Москва  |c Наука  |d 1990 
215 |a 89 с.  |c ил. 
320 |a Библиогр.: с. 84-88 (90 назв.) 
606 1 |a Суспензии  |x Реологические свойства  |2 stltpush  |3 (RuTPU)RU\TPU\subj\58328  |9 76124 
610 1 |a вязкость 
610 1 |a реологические уравнения 
610 1 |a сжатие 
610 1 |a растекание 
675 |a 532.58  |v 3 
700 1 |a Мошев  |b В. В.  |g Валерий Варфоломеевич  |4 070 
701 1 |a Иванов  |b В. А.  |g Владимир Александрович  |4 070 
702 1 |a Розенберг  |b Б. А.  |4 340 
712 0 2 |a Академия наук СССР (АН СССР)  |b Уральское отделение (УО)  |b Институт механики сплошных сред  |2 stltpush  |3 (RuTPU)RU\TPU\col\11899 
801 1 |a RU  |b 63413507  |c 20130506 
801 2 |a RU  |b 63413507  |c 20130528  |g RCR 
942 |c BK